Every Premier League Player 2021/22 - Statistics

General Stats
  • This quiz has been taken 201 times
  • The average score is 199 of 500
Answer Stats
Team No Position Country Age Answer % Correct
Wolves 1 GK Portugal 28 Jose Sa
95%
Arsenal 1 GK Germany 29 Bernd Leno
91%
Arsenal 7 MF England 20 Bukayo Saka
89%
Arsenal 14 FW Gabon 32 Pierre-Emerick Aubameyang
88%
Arsenal 8 MF Norway 22 Martin Odegaard
87%
Arsenal 5 MF Ghana 28 Thomas Partey
86%
Arsenal 4 DF England 24 Ben White
84%
West Ham 25 GK England 35 David Martin
84%
Arsenal 32 GK England 23 Aaron Ramsdale
81%
Manchester City 20 MF Portugal 27 Bernardo Silva
81%
Tottenham 20 MF England 25 Dele Alli
81%
Arsenal 9 FW France 30 Alexandre Lacazette
80%
Burnley 14 DF Wales 26 Connor Roberts
80%
Brighton 28 DF England 19 Haydon Roberts
80%
Arsenal 3 DF Scotland 24 Kieran Tierney
80%
Liverpool 11 FW Egypt 29 Mohamed Salah
80%
Liverpool 10 FW Senegal 29 Sadio Mane
80%
Chelsea 6 DF Brazil 37 Thiago Silva
80%
Leeds 11 FW Wales 22 Tyler Roberts
80%
Liverpool 4 DF Netherlands 30 Virgil van Dijk
80%
Arsenal 10 MF England 21 Emile Smith Rowe
79%
Wolves 17 FW Portugal 19 Fabio Silva
78%
Liverpool 1 GK Brazil 29 Alisson
77%
Manchester City 22 DF France 27 Benjamin Mendy
77%
Manchester United 7 FW Portugal 36 Cristiano Ronaldo
77%
Manchester United 26 GK England 24 Dean Henderson
77%
Chelsea 16 GK Senegal 29 Edouard Mendy
77%
Aston Villa 1 GK Argentina 29 Emiliano Martinez
77%
Manchester City 9 FW Brazil 24 Gabriel Jesus
77%
Arsenal 34 MF Switzerland 29 Granit Xhaka
77%
Liverpool 14 MF England 31 Jordan Henderson
77%
Manchester City 17 MF Belgium 30 Kevin De Bruyne
77%
Leicester 24 MF Senegal 29 Nampalys Mendy
77%
Chelsea 7 MF France 30 N'Golo Kante
77%
Manchester City 7 FW England 26 Raheem Sterling
77%
Liverpool 26 DF Scotland 27 Andrew Robertson
76%
Manchester United 18 MF Portugal 27 Bruno Fernandes
76%
Arsenal 6 DF Brazil 23 Gabriel
76%
Manchester City 5 DF England 27 John Stones
76%
Liverpool 66 DF England 23 Trent Alexander-Arnold
76%
Manchester City 31 GK Brazil 28 Ederson
75%
Tottenham 7 FW South Korea 29 Heung-Min Son
75%
Manchester City 2 DF England 31 Kyle Walker
75%
Chelsea 10 FW USA 23 Christian Pulisic
74%
Tottenham 10 FW England 28 Harry Kane
74%
Manchester City 16 MF Spain 25 Rodri
74%
Manchester City 3 DF Portugal 24 Ruben Dias
74%
Manchester United 1 GK Spain 31 David de Gea
73%
Chelsea 29 MF Germany 22 Kai Havertz
73%
Chelsea 1 GK Spain 27 Kepa Arrizabalaga
73%
Liverpool 9 FW Brazil 30 Roberto Firmino
73%
Manchester United 3 DF Ivory Coast 27 Eric Bailly
72%
Manchester United 5 DF England 28 Harry Maguire
72%
Manchester United 10 FW England 24 Marcus Rashford
72%
Liverpool 6 MF Spain 30 Thiago
72%
Chelsea 2 DF Germany 28 Antonio Rudiger
71%
Liverpool 20 FW Portugal 24 Diogo Jota
71%
Chelsea 11 FW Germany 25 Timo Werner
71%
Liverpool 3 MF Brazil 28 Fabinho
70%
Manchester United 17 MF Brazil 28 Fred
70%
Arsenal 35 FW Brazil 20 Gabriel Martinelli
70%
Manchester City 8 MF Germany 31 Ilkay Gundogan
70%
Manchester City 10 FW England 26 Jack Grealish
70%
Chelsea 19 MF England 22 Mason Mount
70%
Aston Villa 2 DF Poland 24 Matty Cash
70%
Manchester City 47 MF England 21 Phil Foden
70%
Manchester United 4 DF England 29 Phil Jones
70%
Manchester City 26 FW Algeria 30 Riyad Mahrez
70%
Chelsea 9 FW Belgium 28 Romelu Lukaku
70%
Everton 13 DF Colombia 27 Yerry Mina
70%
Manchester City 14 DF Spain 27 Aymeric Laporte
69%
Liverpool 7 MF England 35 James Milner
69%
Manchester City 27 DF Portugal 27 Joao Cancelo
69%
Chelsea 5 MF Italy 29 Jorginho
69%
Crystal Palace 11 FW Ivory Coast 29 Wilfried Zaha
69%
Liverpool 17 MF England 20 Curtis Jones
68%
Leicester 9 FW England 34 Jamie Vardy
68%
Liverpool 32 DF Cameroon 30 Joel Matip
68%
Manchester City 11 DF Ukraine 24 Oleksandr Zinchenko
68%
Manchester United 6 MF France 28 Paul Pogba
68%
Chelsea 24 DF England 21 Reece James
68%
Arsenal 18 DF Japan 23 Takehiro Tomiyasu
68%
Leeds 20 FW Wales 24 Daniel James
67%
Everton 1 GK England 27 Jordan Pickford
67%
Chelsea 8 MF Croatia 27 Mateo Kovacic
67%
Liverpool 8 MF Guinea 26 Naby Keita
67%
Manchester City 6 DF Netherlands 26 Nathan Ake
67%
Tottenham 1 GK France 34 Hugo Lloris
66%
Leicester 1 GK Denmark 35 Kasper Schmeichel
66%
Arsenal 19 FW Ivory Coast 26 Nicolas Pepe
66%
Aston Villa 5 DF England 28 Tyrone Mings
66%
Manchester United 2 DF Sweden 27 Victor Lindelof
66%
Chelsea 28 DF Spain 32 Cesar Azpilicueta
65%
Tottenham 6 DF Colombia 25 Davinson Sanchez
65%
Brighton 1 GK Spain 23 Robert Sanchez
65%
Liverpool 18 FW Japan 26 Takumi Minamino
65%
Manchester United 9 FW France 25 Anthony Martial
64%
Chelsea 22 MF Morocco 28 Hakim Ziyech
64%
Liverpool 5 DF France 22 Ibrahima Konate
64%
Arsenal 25 MF Egypt 29 Mohamed Elneny
64%
Chelsea 4 DF Denmark 25 Andreas Christensen
63%
Leicester 12 GK Wales 28 Danny Ward
63%
Manchester United 21 FW Uruguay 34 Edinson Cavani
63%
Leicester 10 MF England 24 James Maddison
63%
Crystal Palace 2 DF England 32 Joel Ward
63%
Chelsea 3 DF Spain 30 Marcos Alonso
63%
Everton 7 FW Brazil 24 Richarlison
63%
Manchester United 39 MF Scotland 24 Scott McTominay
63%
Wolves 37 FW Spain 25 Adama Traore
62%
Manchester City 25 MF Brazil 36 Fernandinho
62%
Burnley 1 GK England 29 Nick Pope
62%
Aston Villa 15 FW Burkina Faso 26 Bertrand Traore
61%
Liverpool 12 DF England 24 Joe Gomez
61%
Manchester United 11 FW England 20 Mason Greenwood
61%
Liverpool 27 FW Belgium 26 Divock Origi
60%
Brentford 17 FW England 25 Ivan Toney
60%
Aston Villa 20 FW England 29 Danny Ings
59%
Aston Villa 6 MF Brazil 23 Douglas Luiz
59%
Aston Villa 7 MF Scotland 27 John McGinn
59%
Leeds 23 MF England 25 Kalvin Phillips
59%
Liverpool 21 DF Greece 25 Konstantinos Tsimikas
59%
Liverpool 47 DF England 24 Nathaniel Phillips
59%
Leicester 8 MF Belgium 24 Youri Tielemans
59%
Arsenal 17 DF Portugal 30 Cedric Soares
58%
Manchester United 20 DF Portugal 22 Diogo Dalot
58%
Arsenal 16 DF England 26 Rob Holding
58%
Manchester City 21 FW Spain 21 Ferran Torres
57%
Manchester United 23 DF England 26 Luke Shaw
57%
Liverpool 13 GK Spain 34 Adrian
56%
Burnley 9 FW New Zealand 29 Chris Wood
56%
Manchester United 8 MF Spain 33 Juan Mata
56%
Manchester United 31 MF Serbia 33 Nemanja Matic
56%
Aston Villa 11 FW England 25 Ollie Watkins
56%
Manchester United 29 DF England 23 Aaron Wan-Bissaka
55%
Burnley 10 FW England 32 Ashley Barnes
55%
Chelsea 21 DF England 24 Ben Chilwell
55%
Tottenham 33 DF Wales 28 Ben Davies
55%
Leicester 7 MF England 23 Harvey Barnes
55%
Norwich 22 FW Finland 31 Teemu Pukki
55%
Everton 26 MF England 23 Tom Davies
55%
Manchester City 13 GK USA 26 Zack Steffen
55%
Tottenham 4 DF Argentina 23 Cristian Romero
54%
West Ham 41 MF England 22 Declan Rice
54%
Manchester United 25 FW England 21 Jadon Sancho
54%
Aston Villa 31 FW Jamaica 24 Leon Bailey
54%
Aston Villa 10 FW Argentina 24 Emiliano Buendia
53%
Liverpool 22 GK Germany 28 Loris Karius
53%
Leicester 4 DF Turkey 25 Caglar Soyuncu
52%
Liverpool 62 GK Ireland 22 Caoimhin Kelleher
52%
Brighton 11 FW Belgium 26 Leandro Trossard
52%
Newcastle 1 GK Slovakia 32 Martin Dubravka
52%
West Ham 9 FW Jamaica 31 Michail Antonio
52%
Watford 35 GK Ireland 35 Rob Elliot
52%
Arsenal 31 DF Bosnia 28 Sead Kolasinac
52%
Leicester 25 MF Nigeria 24 Wilfred Ndidi
52%
Everton 9 FW England 24 Dominic Calvert-Lewin
51%
Manchester United 34 MF Netherlands 24 Donny van de Beek
51%
Burnley 5 DF England 28 James Tarkowski
51%
Southampton 8 MF England 27 James Ward-Prowse
51%
Leicester 6 DF Northern Ireland 33 Jonny Evans
51%
Tottenham 2 DF Ireland 29 Matt Doherty
51%
Leeds 9 FW England 28 Patrick Bamford
51%
Wolves 9 FW Mexico 30 Raul Jimenez
51%
Brighton 5 DF England 29 Lewis Dunk
50%
Tottenham 27 FW Brazil 29 Lucas Moura
50%
Brighton 9 FW France 25 Neal Maupay
50%
Tottenham 5 MF Denmark 26 Pierre-Emile Hojbjerg
50%
Norwich 21 DF England 21 Brandon Williams
49%
Chelsea 20 FW England 21 Callum Hudson-Odoi
49%
Brentford 1 GK Spain 26 David Raya
49%
Arsenal 30 FW England 22 Eddie Nketiah
49%
Watford 23 FW Senegal 23 Ismaila Sarr
49%
Liverpool 76 DF Wales 20 Neco Williams
49%
Wolves 8 MF Portugal 24 Ruben Neves
49%
Arsenal 23 MF Belgium 22 Albert Sambi Lokonga
48%
Brighton 10 MF Argentina 22 Alexis Mac Allister
48%
Burnley 6 DF England 32 Ben Mee
48%
Newcastle 9 FW England 29 Callum Wilson
48%
Tottenham 15 DF England 27 Eric Dier
48%
Aston Villa 4 DF England 24 Ezri Konsa
48%
Newcastle 5 DF Switzerland 29 Fabian Schar
48%
Chelsea 31 DF France 22 Malang Sarr
48%
Leeds 10 FW Brazil 24 Raphinha
48%
West Ham 28 MF Czech Republic 26 Tomas Soucek
48%
Newcastle 10 FW France 24 Allan Saint-Maximin
47%
Southampton 44 GK England 33 Fraser Forster
47%
Everton 23 DF Ireland 33 Seamus Coleman
47%
Everton 5 DF England 28 Michael Keane
46%
Leicester 29 FW Zambia 23 Patson Daka
46%
Liverpool 15 MF England 28 Alex Oxlade-Chamberlain
45%
Everton 21 MF Portugal 28 Andre Gomes
45%
Crystal Palace 20 FW Belgium 30 Christian Benteke
45%
Everton 10 MF Iceland 32 Gylfi Sigurdsson
45%
Tottenham 8 MF England 25 Harry Winks
45%
Leeds 1 GK France 21 Illan Meslier
45%
Wolves 28 MF Portugal 35 Joao Moutinho
45%
Newcastle 7 FW Brazil 25 Joelinton
45%
Crystal Palace 9 FW Ghana 30 Jordan Ayew
45%
Newcastle 24 MF Paraguay 27 Miguel Almiron
45%
Brighton 13 MF Germany 30 Pascal Gross
45%
Leicester 21 DF Portugal 28 Ricardo Pereira
45%
Chelsea 12 MF England 25 Ruben Loftus-Cheek
45%
Manchester United 22 GK England 35 Tom Heaton
45%
Leicester 3 DF France 20 Wesley Fofana
45%
Manchester United 27 DF Brazil 28 Alex Telles
44%
Watford 1 GK England 38 Ben Foster
44%
Arsenal 21 DF England 26 Calum Chambers
44%
Manchester City 80 MF England 19 Cole Palmer
44%
West Ham 4 DF France 27 Kurt Zouma
44%
West Ham 1 GK Poland 36 Lukasz Fabianski
44%
Leeds 19 FW Spain 30 Rodrigo
44%
Manchester City 33 GK England 36 Scott Carson
44%
Brighton 8 MF Mali 25 Yves Bissouma
44%
Everton 6 MF Brazil 30 Allan
43%
Manchester United 14 MF England 28 Jesse Lingard
43%
Tottenham 23 FW Netherlands 24 Steven Bergwijn
43%
Tottenham 11 FW Spain 20 Bryan Gil
42%
Leicester 14 FW Nigeria 25 Kelechi Iheanacho
42%
Chelsea 14 DF England 22 Trevoh Chalobah
42%
Aston Villa 21 FW Netherlands 26 Anwar El Ghazi
41%
Burnley 19 FW England 32 Jay Rodriguez
41%
Burnley 28 DF Ireland 31 Kevin Long
41%
Everton 12 DF France 28 Lucas Digne
41%
Brighton 3 MF Spain 23 Marc Cucurella
41%
Arsenal 22 DF Spain 28 Pablo Mari
41%
Tottenham 3 DF Spain 24 Sergio Reguilon
41%
Southampton 7 FW Ireland 34 Shane Long
41%
Crystal Palace 13 GK Spain 34 Vicente Guaita
41%
West Ham 5 DF Czech Republic 29 Vladimir Coufal
41%
Everton 17 FW Nigeria 25 Alex Iwobi
40%
Everton 15 GK Bosnia 34 Asmir Begovic
40%
Crystal Palace 23 MF England 21 Conor Gallagher
40%
Tottenham 12 DF Brazil 22 Emerson Royal
40%
Everton 16 MF France 28 Abdoulaye Doucoure
39%
Wolves 16 DF England 28 Conor Coady
39%
Tottenham 18 MF Argentina 25 Giovani Lo Celso
39%
Leicester 17 FW Spain 28 Ayoze Perez
38%
Brentford 19 FW France 22 Bryan Mbuemo
38%
Southampton 10 FW Scotland 25 Che Adams
38%
Everton 11 FW England 25 Demarai Gray
38%
West Ham 20 FW England 24 Jarrod Bowen
38%
West Ham 10 MF Argentina 28 Manuel Lanzini
38%
Norwich 1 GK Netherlands 33 Tim Krul
38%
Burnley 13 GK Wales 34 Wayne Hennessey
38%
Manchester United 16 FW Ivory Coast 19 Amad Diallo
37%
Crystal Palace 10 MF England 23 Eberechi Eze
37%
Crystal Palace 1 GK England 28 Jack Butland
37%
Burnley 20 FW Ivory Coast 25 Maxwel Cornet
37%
Brentford 3 DF England 24 Rico Henry
37%
Everton 33 FW Venezuela 32 Salomon Rondon
37%
Brighton 2 DF England 21 Tariq Lamptey
37%
Aston Villa 17 FW Egypt 27 Trezeguet
37%
Everton 24 FW England 20 Anthony Gordon
36%
Crystal Palace 8 MF Senegal 31 Cheikhou Kouyate
36%
Brighton 33 DF England 29 Dan Burn
36%
Burnley 11 FW England 21 Dwight McNeil
36%
Wolves 7 FW Portugal 21 Pedro Neto
36%
West Ham 3 DF England 31 Aaron Cresswell
35%
Southampton 9 FW England 24 Adam Armstrong
35%
Brighton 14 MF England 33 Adam Lallana
35%
Brentford 6 MF Denmark 27 Christian Norgaard
35%
Southampton 17 MF Scotland 29 Stuart Armstrong
35%
Arsenal 15 MF England 24 Ainsley Maitland-Niles
34%
West Ham 13 GK France 28 Alphonse Areola
34%
West Ham 7 FW Ukraine 32 Andriy Yarmolenko
34%
Aston Villa 18 DF England 36 Ashley Young
34%
Brighton 18 FW England 30 Danny Welbeck
34%
Leeds 14 DF Spain 28 Diego Llorente
34%
Southampton 27 MF France 22 Ibrahima Diallo
34%
Leicester 2 DF England 23 James Justin
34%
Leeds 2 DF England 30 Luke Ayling
34%
Aston Villa 19 MF Zimbabwe 27 Marvelous Nakamba
34%
Aston Villa 3 DF England 26 Matt Targett
34%
Aston Villa 8 MF France 27 Morgan Sanson
34%
Brentford 25 MF England 19 Myles Peart-Harris
34%
West Ham 8 MF Spain 25 Pablo Fornals
34%
Chelsea 18 MF England 27 Ross Barkley
34%
Tottenham 28 MF France 24 Tanguy Ndombele
34%
Leicester 27 DF Belgium 25 Timothy Castagne
34%
Brentford 11 FW DR Congo 25 Yoane Wissa
34%
Brentford 40 GK Spain 23 Alvaro Fernandez
33%
West Ham 31 DF England 21 Ben Johnson
33%
Leicester 18 DF Ghana 26 Daniel Amartey
33%
Newcastle 18 DF Argentina 32 Federico Fernandez
33%
Newcastle 8 MF England 29 Jonjo Shelvey
33%
Crystal Palace 6 DF England 21 Marc Guehi
33%
Burnley 27 FW Czech Republic 29 Matej Vydra
33%
Leeds 5 DF Germany 25 Robin Koch
33%
Chelsea 17 MF Spain 26 Saul Niguez
33%
Wolves 26 FW South Korea 25 Hee-Chan Hwang
32%
Crystal Palace 4 MF Serbia 30 Luka Milivojevic
32%
Crystal Palace 7 MF France 19 Michael Olise
32%
Crystal Palace 22 FW France 23 Odsonne Edouard
32%
Leeds 15 DF Northern Ireland 30 Stuart Dallas
32%
Southampton 32 FW England 32 Theo Walcott
32%
Everton 28 FW Turkey 30 Cenk Tosun
31%
Brentford 5 DF Jamaica 28 Ethan Pinnock
31%
Leicester 23 DF Denmark 29 Jannik Vestergaard
31%
Crystal Palace 16 DF Denmark 25 Joachim Andersen
31%
Leeds 43 MF Poland 31 Mateusz Klich
31%
Tottenham 29 MF England 21 Oliver Skipp
31%
Brighton 24 DF Ireland 29 Shane Duffy
31%
Leeds 22 FW England 24 Jack Harrison
30%
Crystal Palace 14 FW France 24 Jean-Philippe Mateta
30%
Watford 10 FW Brazil 20 Joao Pedro
30%
Brighton 34 DF Netherlands 29 Joel Veltman
30%
Tottenham 14 DF Wales 24 Joe Rodon
30%
Wolves 32 MF Belgium 26 Leander Dendoncker
30%
Leicester 11 MF England 31 Marc Albrighton
30%
Norwich 2 DF England 21 Max Aarons
30%
West Ham 22 FW Algeria 26 Said Benrahma
30%
Crystal Palace 3 DF England 22 Tyrick Mitchell
30%
West Ham 21 DF Italy 33 Angelo Ogbonna
29%
Newcastle 6 DF England 28 Jamaal Lascelles
29%
Newcastle 28 MF England 22 Joe Willock
29%
Southampton 2 DF England 24 Kyle Walker-Peters
29%
Everton 4 DF England 25 Mason Holgate
29%
Brentford 8 MF Denmark 25 Mathias Jensen
29%
Wolves 27 DF Morocco 31 Romain Saiss
29%
Brentford 7 FW Spain 24 Sergi Canos
29%
Wolves 15 DF Ivory Coast 30 Willy Boly
29%
Southampton 1 GK England 31 Alex McCarthy
28%
Brighton 12 MF Zambia 23 Enock Mwepu
28%
Southampton 35 DF Poland 25 Jan Bednarek
28%
Leicester 22 MF England 23 Kiernan Dewsbury-Hall
28%
Manchester United 13 GK England 38 Lee Grant
28%
Leeds 6 DF Scotland 30 Liam Cooper
28%
West Ham 11 MF Croatia 24 Nikola Vlasic
28%
Tottenham 22 GK Italy 26 Pierluigi Gollini
28%
Brentford 18 DF Sweden 30 Pontus Jansson
28%
Newcastle 21 FW Scotland 27 Ryan Fraser
28%
Everton 14 FW England 30 Andros Townsend
27%
Everton 22 DF England 23 Ben Godfrey
27%
Burnley 3 DF England 28 Charlie Taylor
27%
Liverpool 67 FW England 18 Harvey Elliott
27%
Burnley 7 FW Iceland 31 Johann Berg Gudmundsson
27%
Norwich 24 FW USA 21 Josh Sargent
27%
Watford 7 FW Norway 29 Joshua King
27%
Leicester 33 DF England 20 Luke Thomas
27%
West Ham 16 MF England 34 Mark Noble
27%
Watford 19 MF France 32 Moussa Sissoko
27%
Crystal Palace 12 MF England 26 Will Hughes
27%
Newcastle 2 DF Ireland 32 Ciaran Clark
26%
Newcastle 17 DF Sweden 27 Emil Krafth
26%
Crystal Palace 18 MF Scotland 34 James McArthur
26%
Aston Villa 30 DF England 26 Kortney Hause
26%
Southampton 6 MF Spain 30 Oriol Romeu
26%
Newcastle 36 MF England 24 Sean Longstaff
26%
Brighton 4 DF England 26 Adam Webster
25%
West Ham 15 DF England 31 Craig Dawson
25%
Wolves 10 FW Portugal 26 Daniel Podence
25%
Watford 25 FW Nigeria 23 Emmanuel Dennis
25%
Southampton 41 GK England 23 Harry Lewis
25%
Burnley 4 MF England 32 Jack Cork
25%
Newcastle 12 DF Northern Ireland 23 Jamal Lewis
25%
Leeds 21 DF Netherlands 22 Pascal Struijk
25%
Watford 29 FW Colombia 22 Cucho Hernandez
24%
Leeds 3 DF Dominican Republic 25 Junior Firpo
24%
Brentford 27 MF Germany 23 Vitaly Janelt
24%
Brighton 7 FW Ireland 21 Aaron Connolly
23%
Southampton 18 FW Albania 20 Armando Broja
23%
Burnley 18 MF England 31 Ashley Westwood
23%
Crystal Palace 15 MF Ghana 28 Jeffrey Schlupp
23%
Burnley 8 MF England 25 Josh Brownhill
23%
Norwich 17 FW Kosovo 25 Milot Rashica
23%
Wolves 22 DF Portugal 27 Nelson Semedo
23%
Wolves 3 DF France 20 Rayan Ait Nouri
23%
Brighton 20 MF England 27 Solly March
23%
Norwich 14 MF England 23 Todd Cantwell
23%
Brighton 15 MF Poland 22 Jakub Moder
22%
Crystal Palace 5 DF England 32 James Tomkins
22%
Tottenham 25 DF England 22 Japhet Tanganga
22%
West Ham 26 DF DR Congo 28 Arthur Masuaku
21%
Norwich 5 DF Scotland 29 Grant Hanley
21%
West Ham 23 DF France 24 Issa Diop
21%
Aston Villa 39 FW England 23 Keinan Davis
21%
Brentford 20 DF Norway 23 Kristoffer Ajer
21%
Burnley 22 DF Ireland 20 Nathan Collins
21%
Crystal Palace 17 DF England 30 Nathaniel Clyne
21%
Southampton 21 DF England 19 Valentino Livramento
21%
Burnley 17 FW England 34 Aaron Lennon
20%
Leicester 42 MF France 22 Boubakary Soumare
20%
Burnley 16 MF England 32 Dale Stephens
20%
Everton 8 MF England 31 Fabian Delph
20%
Southampton 5 DF England 27 Jack Stephens
20%
Burnley 2 DF England 32 Matthew Lowton
20%
Wolves 23 DF England 24 Max Kilman
20%
Southampton 22 DF Ghana 22 Mohammed Salisu
20%
Newcastle 3 DF Wales 30 Paul Dummett
20%
Leicester 5 DF England 32 Ryan Bertrand
20%
Watford 5 DF Nigeria 28 William Troost-Ekong
20%
West Ham 35 GK Ireland 34 Darren Randolph
19%
Crystal Palace 44 MF Netherlands 25 Jairo Riedewald
19%
Brighton 23 GK England 31 Jason Steele
19%
Newcastle 11 DF Scotland 32 Matt Ritchie
19%
Norwich 15 DF Turkey 21 Ozan Kabak
19%
Tottenham 19 MF England 21 Ryan Sessegnon
19%
Brentford 14 MF Iran 28 Saman Ghoddos
19%
West Ham 33 MF Czech Republic 23 Alex Kral
18%
Norwich 8 MF Scotland 20 Billy Gilmour
18%
Watford 15 DF Northern Ireland 32 Craig Cathcart
18%
Watford 3 DF England 31 Danny Rose
18%
Brentford 15 MF Nigeria 23 Frank Onyeka
18%
Watford 33 MF Slovakia 34 Juraj Kucka
18%
Newcastle 26 GK England 31 Karl Darlow
18%
Watford 8 MF England 32 Tom Cleverley
18%
Watford 26 GK Austria 27 Daniel Bachmann
17%
Newcastle 19 DF Spain 27 Javier Manquillo
17%
Aston Villa 12 GK England 29 Jed Steer
17%
Crystal Palace 34 DF England 31 Martin Kelly
17%
Burnley 26 DF Scotland 36 Phil Bardsley
17%
Brentford 26 MF Grenada 23 Shandon Baptiste
17%
Watford 27 DF Belgium 30 Christian Kabasele
16%
Tottenham 44 FW England 17 Dane Scarlett
16%
Wolves 11 FW Portugal 21 Francisco Trincao
16%
Newcastle 23 FW England 26 Jacob Murphy
16%
Newcastle 16 MF Ireland 29 Jeff Hendrick
16%
Everton 2 DF England 24 Jonjoe Kenny
16%
Wolves 2 DF Netherlands 19 Ki-Jana Hoever
16%
Chelsea 13 GK England 29 Marcus Bettinelli
16%
Southampton 19 FW Mali 23 Moussa Djenepo
16%
Southampton 11 FW England 27 Nathan Redmond
16%
Leicester 37 FW England 24 Ademola Lookman
15%
Burnley 23 DF Netherlands 33 Erik Pieters
15%
Newcastle 14 MF England 26 Isaac Hayden
15%
Norwich 20 MF France 28 Pierre Lees-Melou
15%
Norwich 28 GK England 25 Angus Gunn
14%
Aston Villa 16 DF England 23 Axel Tuanzebe
14%
Wolves 21 GK England 35 John Ruddy
14%
Wolves 19 DF Spain 27 Jonny Otto
14%
Brentford 10 MF England 23 Josh Dasilva
14%
Southampton 24 FW Norway 27 Mohamed Elyounoussi
14%
Brighton 17 MF Colombia 23 Steven Alzate
14%
Newcastle 34 FW England 32 Dwight Gayle
13%
Leicester 16 DF Croatia 24 Filip Benkovic
13%
Brighton 27 FW Netherlands 28 Jurgen Locadia
13%
Watford 21 DF Spain 30 Kiko Femenia
13%
Wolves 5 DF Brazil 32 Marcal
13%
Crystal Palace 36 DF England 21 Nathan Ferguson
13%
Norwich 4 DF England 28 Ben Gibson
12%
Leicester 20 MF England 24 Hamza Choudhury
12%
Everton 25 MF Ivory Coast 26 Jean-Philippe Gbamin
12%
Southampton 4 DF Brazil 24 Lyanco
12%
Arsenal 20 DF Portugal 21 Nuno Taveres
12%
Brentford 24 FW Ghana 26 Tariqe Fosu
12%
Norwich 18 FW Greece 19 Christos Tzolis
11%
Leicester 35 GK Switzerland 37 Eldin Jakupovic
11%
Newcastle 27 GK England 24 Freddie Woodman
11%
Leeds 46 MF England 22 Jamie Shackleton
11%
Brentford 16 FW Ecuador 26 Joel Valencia
11%
Brentford 9 FW Finland 22 Marcus Forss
11%
Southampton 20 MF Ireland 21 Will Smallbone
11%
Leeds 4 MF England 30 Adam Forshaw
10%
Watford 11 DF Morocco 27 Adam Masina
10%
Norwich 7 MF Germany 30 Lukas Rupp
10%
Norwich 11 FW Poland 23 Przemyslaw Placheta
10%
Southampton 15 DF France 24 Romain Perraud
10%
West Ham 24 DF England 29 Ryan Fredericks
10%
Southampton 43 DF France 22 Yan Valery
10%
Brentford 22 DF Denmark 31 Zanka
10%
Norwich 35 FW Ireland 20 Adam Idah
9%
Norwich 30 DF Greece 36 Dimitrios Giannoulis
9%
Brentford 2 DF England 21 Dominic Thompson
9%
Watford 6 MF Morocco 22 Imran Louza
9%
Watford 12 MF Sweden 28 Ken Sema
9%
Norwich 16 MF Norway 25 Mathias Normann
9%
Watford 18 MF Turkey 26 Ozan Tufan
9%
Everton 31 GK England 38 Andy Lonergan
8%
Wolves 14 DF Colombia 20 Yerson Mosquera
8%
Brentford 4 DF England 26 Charlie Goode
7%
Watford 31 DF Chile 24 Francisco Sierralta
7%
Tottenham 47 FW England 20 Jack Clarke
7%
Norwich 19 MF Denmark 23 Jacob Lungi Sorensen
7%
Watford 2 DF England 21 Jeremy Ngakia
7%
Norwich 23 MF Scotland 29 Kenny McLean
7%
Brentford 29 DF Denmark 22 Mads Bech Sorensen
7%
Norwich 6 DF Germany 28 Christoph Zimmermann
6%
Crystal Palace 33 DF Poland 27 Jaroslaw Jach
6%
Brentford 23 DF Guinea 29 Julian Jeanvier
6%
Brighton 16 GK Netherlands 21 Kjell Scherpen
6%
Leeds 13 GK Norway 20 Kristoffer Klaesson
6%
Watford 13 DF Cameroon 31 Nicolas N'Koulou
6%
Watford 17 FW England 26 Ashley Fletcher
5%
Norwich 10 MF England 24 Kieran Dowell
5%
Brentford 28 MF Denmark 20 Mads Bidstrup
5%
Brentford 30 DF Denmark 22 Mads Roerslev Rasmussen
5%
Newcastle 29 GK England 29 Mark Gillespie
5%
Southampton 23 FW England 22 Nathan Tella
5%
Watford 4 MF Nigeria 26 Peter Etebo
5%
Crystal Palace 19 GK England 27 Remi Matthews
5%
Norwich 3 DF England 28 Sam Byram
5%
Burnley 25 GK England 28 Will Norris
5%
Watford 16 MF England 31 Dan Gosling
4%
Norwich 33 GK England 37 Michael McGovern
3%
Wolves 6 MF Portugal 23 Bruno Jordao
2%
Brentford 31 MF Czech Republic 20 Jan Zamburek
2%
Southampton 45 DF England 26 Sam McQueen
2%
Norwich 26 DF England 20 Bali Mumba
1%
Manchester United 19 DF France 28 Raphael Varanre
1%
Brighton 35 MF Romania 22 Tudor Baleta
1%
No matching quizzes found
Score Distribution
Percent of People with Each Score
Percentile by Number Answered
Your Score History
You have not taken this quiz